Guide-book to the Iraq Museum.

محفوظ في:

مؤلف مشترك: Mathaf al-Iraqi.

التنسيق: كتاب

اللغة: English

منشور في: Baghdad : Ministry of Information, 1973.

الطبعة: Second edition

الموضوعات:

الوسوم: إضافة وسم

لا توجد وسوم, كن أول من يضع وسما على هذه التسجيلة!

رقم الطلب: DS69 .B3 M3515 1973

LEADER 00696namaa2200241 4500
003 OSt
005 20260203123541.0
008 130303s1973 iq ae 000 0 eng d
040 |c ARCE Library 
043 |a a-iq--- 
050 4 |a DS69 .B3 M3515 1973 
110 2 |a Mathaf al-Iraqi. 
240 1 0 |a Dalīl al-Matḥaf al-ʻIrāqī.  |l English 
245 1 0 |a Guide-book to the Iraq Museum. 
250 |a Second edition 
264 1 |a Baghdad :  |b Ministry of Information,  |c 1973. 
300 |a 134 pages :   |b illustrations, plans ;   |c 24 cm. 
500 |a Cover title : Iraq museum. 
610 2 0 |a Matḥaf al-ʻIrāqī. 
651 0 |a Iraq  |x Antiquities. 
901 |a reviewed 
942 |c BK  |2 lcc 
999 |c 9026  |d 9026